[Event "12th EUR-ch"]
[Site "Aix-les-Bains FRA"]
[Date "2011.03.22"]
[Round "1.56"]
[White "Boric, Elena"]
[Black "Hracek, Zbynek"]
[Result "0-1"]
[WhiteElo "2292"]
[BlackElo "2631"]
[EventDate "2011.03.22"]
[PlyCount "150"]

1.e4 c5 2.Nf3 Nc6 3.Bb5 d6 4.d4 cxd4 5.Qxd4 Bd7 6.Bxc6 Bxc6 7.Nc3 Nf6 8.
Bg5 e6 9.O-O-O Be7 10.Rhe1 O-O 11.Qd2 Qc7 12.Nd4 Rfd8 13.f3 Rab8 14.Kb1 b5
15.Nxc6 Qxc6 16.Ne2 b4 17.Nd4 Qb7 18.g4 Rdc8 19.Bxf6 Bxf6 20.g5 Bxd4 21.
Qxd4 Qc7 22.Re2 Rb6 23.f4 a5 24.f5 a4 25.g6 hxg6 26.fxg6 fxg6 27.Rg2 b3 
28.cxb3 axb3 29.axb3 Ra6 30.Qc4 Qxc4 31.bxc4 Rxc4 32.e5 dxe5 33.Rxg6 Rd4 
34.Rdg1 Rd7 35.Re1 Rd2 36.Rxe5 Rb6 37.Rgxe6 Rbxb2+ 38.Kc1 Rbc2+ 39.Kb1 
Rxh2 40.Re8+ Kh7 41.Re1 Rb2+ 42.Ka1 Rb7 43.Ra8 Rh6 44.Ree8 Rhb6 45.Rh8+ 
Kg6 46.Rh1 Kf7 47.Rf1+ Rf6 48.Rg1 g6 49.Rh1 Kg7 50.Ra5 Rf5 51.Ra6 g5 52.
Rg1 Rfb5 53.Rg2 Rf7 54.Ka2 Rff5 55.Ka3 Ra5+ 56.Rxa5 Rxa5+ 57.Kb4 Re5 58.
Kc4 Kg6 59.Kd4 Re1 60.Ra2 Kf5 61.Ra8 Kf4 62.Rf8+ Kg3 63.Kd3 g4 64.Rf6 Kg2 
65.Rg6 g3 66.Rf6 Kg1 67.Kd2 Re8 68.Rf7 g2 69.Rh7 Re5 70.Rh8 Kf2 71.Rf8+ 
Kg3 72.Rg8+ Kh3 73.Rg7 Rh5 74.Ke2 Kh2 75.Kf2 g1=Q+ 0-1

[Event "12th EUR-ch"]
[Site "Aix-les-Bains FRA"]
[Date "2011.03.22"]
[Round "1.57"]
[White "Salgado Lopez, Ivan"]
[Black "Wittmann, Walter"]
[Result "1-0"]
[WhiteElo "2630"]
[BlackElo "2291"]
[EventDate "2011.03.22"]
[PlyCount "123"]

1.e4 e5 2.Nf3 Nc6 3.Bb5 a6 4.Ba4 b5 5.Bb3 Bc5 6.c3 d6 7.O-O Bg4 8.Bd5 Qd7 
9.h3 Bxf3 10.Qxf3 Nf6 11.Bb3 O-O 12.d3 Kh8 13.Bg5 Ng8 14.Nd2 Nce7 15.Qg4 
Qxg4 16.hxg4 h6 17.Bxe7 Nxe7 18.Nf3 g6 19.g3 Kg7 20.Kg2 Bb6 21.a4 bxa4 22.
Rxa4 a5 23.Bc2 c6 24.Nd2 d5 25.Re1 f6 26.Re2 Rfd8 27.Nb3 Ra7 28.Re1 Rb8 
29.Re2 Rd8 30.d4 exd4 31.Nxd4 Bxd4 32.cxd4 Rb8 33.exd5 cxd5 34.Bd1 Kf7 35.
Rd2 Rb4 36.Ra3 Nc6 37.Rc3 Nxd4 38.Rcd3 Nc6 39.Rxd5 Rab7 40.b3 R4b5 41.Rd6 
Ne7 42.Be2 Rb4 43.Bc4+ Kg7 44.Ra6 R7b6 45.Rxb6 Rxb6 46.Rd7 Kf8 47.Ra7 f5 
48.gxf5 Nxf5 49.Rxa5 Nd6 50.Bd5 Ke7 51.Rc5 Rb4 52.Rc3 Nf5 53.Bc4 Kf6 54.
Rd3 Rb6 55.Kf3 Nd6 56.Ke3 Nb7 57.Kd4 Rd6+ 58.Bd5 Nd8 59.Kc5 Nb7+ 60.Kc4 
Na5+ 61.Kb5 Nxb3 62.Rf3+ 1-0

[Event "12th EUR-ch"]
[Site "Aix-les-Bains FRA"]
[Date "2011.03.22"]
[Round "1.58"]
[White "Rouler, Charly"]
[Black "Safarli, Eltaj"]
[Result "0-1"]
[WhiteElo "2291"]
[BlackElo "2628"]
[EventDate "2011.03.22"]
[PlyCount "42"]

1.Nf3 Nf6 2.c4 c5 3.Nc3 e6 4.d4 cxd4 5.Nxd4 d5 6.Bg5 e5 7.Nf3 d4 8.Nd5 Nc6
9.e3 Qa5+ 10.Qd2 Qxd2+ 11.Nxd2 Nxd5 12.cxd5 Nb4 13.O-O-O f6 14.Bh4 dxe3 
15.fxe3 Nxd5 16.Ne4 Nxe3 17.Bb5+ Ke7 18.Rd3 Nxg2 19.Bf2 Be6 20.Nd6 Nf4 21.
Rd2 Bd5 0-1

[Event "12th EUR-ch"]
[Site "Aix-les-Bains FRA"]
[Date "2011.03.22"]
[Round "1.59"]
[White "Iordachescu, Viorel"]
[Black "Hagen, Andreas Skytte"]
[Result "1-0"]
[WhiteElo "2626"]
[BlackElo "2290"]
[EventDate "2011.03.22"]
[PlyCount "91"]

1.e4 e5 2.Nf3 Nc6 3.Bb5 Nf6 4.Qe2 a6 5.Ba4 b5 6.Bb3 Be7 7.a4 b4 8.d4 d5 9.
Bg5 Nxe4 10.Bxe7 Nxe7 11.Nxe5 O-O 12.f3 Nd6 13.O-O a5 14.Re1 Re8 15.Nd2 c6
16.Qf2 Qc7 17.c3 bxc3 18.bxc3 Bf5 19.Re3 f6 20.Nd3 Bxd3 21.Rxd3 Ng6 22.g3 
Kh8 23.Re1 Rxe1+ 24.Qxe1 Re8 25.Re3 Rxe3 26.Qxe3 Qe7 27.Kf2 Qxe3+ 28.Kxe3 
Kg8 29.c4 dxc4 30.Bxc4+ Kf8 31.Bd3 Ne7 32.Nb3 Nd5+ 33.Kd2 Nb6 34.Nxa5 Nxa4
35.Bxh7 f5 36.Nxc6 Nb6 37.Bg6 Nd5 38.Kd3 Ne7 39.Nxe7 Kxe7 40.h4 Kf6 41.h5 
Kg5 42.d5 Kf6 43.Kd4 Nb7 44.Bh7 Nd6 45.Kc5 Ke7 46.Kc6 1-0

[Event "12th EUR-ch"]
[Site "Aix-les-Bains FRA"]
[Date "2011.03.22"]
[Round "1.60"]
[White "Geenen, Marc"]
[Black "Lupulescu, Constantin"]
[Result "0-1"]
[WhiteElo "2289"]
[BlackElo "2626"]
[EventDate "2011.03.22"]
[PlyCount "110"]

1.e4 c5 2.Nf3 d6 3.d4 cxd4 4.Nxd4 Nf6 5.Nc3 a6 6.Bg5 e6 7.f4 Qc7 8.Qf3 b5 
9.f5 b4 10.Ncb5 axb5 11.fxe6 fxe6 12.Bxf6 gxf6 13.Qxf6 Qg7 14.Bxb5+ Bd7 
15.Qxe6+ Be7 16.Bxd7+ Nxd7 17.Qd5 Rc8 18.O-O Rf8 19.Rxf8+ Nxf8 20.Rd1 Qe5 
21.Nc6 Qxd5 22.exd5 Bf6 23.Rb1 Ng6 24.Nxb4 Bd4+ 25.Kh1 Ne7 26.c3 Bc5 27.a3
Kd7 28.Rd1 Rf8 29.Nd3 Ba7 30.c4 Nf5 31.b3 Rf6 32.h3 h5 33.b4 Ng3+ 34.Kh2 
Nf1+ 35.Kh1 Ne3 36.Rc1 Rf5 37.Kh2 h4 38.g4 Rf3 39.c5 Nxd5 40.Rd1 Re3 41.
cxd6 Nc3 42.Rd2 Nb1 43.Rd1 Nc3 44.Rd2 Bb8 45.Nf2 Bxd6+ 46.Kg2 Ne2 47.Nd3 
Rxd3 48.Rxe2 Rg3+ 49.Kf2 Rxh3 50.Re3 Rh2+ 51.Kg1 Rd2 52.Re4 Rd1+ 53.Kg2 
Rd3 54.g5 h3+ 55.Kf2 h2 0-1

[Event "12th EUR-ch"]
[Site "Aix-les-Bains FRA"]
[Date "2011.03.22"]
[Round "1.61"]
[White "Saric, Ivan"]
[Black "Rasch, Holger"]
[Result "1-0"]
[WhiteElo "2626"]
[BlackElo "2288"]
[EventDate "2011.03.22"]
[PlyCount "53"]

1.e4 c5 2.Nf3 e6 3.d4 cxd4 4.Nxd4 Nc6 5.Nc3 Qc7 6.Be3 Nf6 7.f4 Nxd4 8.Qxd4
b6 9.e5 Ng4 10.Bg1 Bb7 11.O-O-O Bc5 12.Qd2 Bb4 13.Bd4 Bd5 14.Qe1 Bxc3 15.
Bxc3 h5 16.f5 Bxa2 17.h3 Nh6 18.b3 Nxf5 19.Kb2 a5 20.Kxa2 O-O 21.Bd3 Rfc8 
22.Ba1 Ne7 23.Qe4 Nd5 24.Qh7+ Kf8 25.Rhf1 a4 26.Rxf7+ Kxf7 27.Rf1+ 1-0

[Event "12th EUR-ch"]
[Site "Aix-les-Bains FRA"]
[Date "2011.03.22"]
[Round "1.62"]
[White "Serban, Vlad"]
[Black "Vuckovic, Bojan"]
[Result "0-1"]
[WhiteElo "2287"]
[BlackElo "2626"]
[EventDate "2011.03.22"]
[PlyCount "108"]

1.e4 c5 2.Nf3 Nc6 3.d4 cxd4 4.Nxd4 Qb6 5.Nb3 Nf6 6.Nc3 e6 7.Bd3 Be7 8.O-O 
d6 9.Kh1 a6 10.f4 O-O 11.Qf3 Qc7 12.Qh3 Nb4 13.Bd2 Nxd3 14.cxd3 b6 15.Rac1
Qd8 16.Nd4 Bb7 17.Nd1 Rc8 18.Rxc8 Qxc8 19.Ne3 Qd7 20.Bc3 Rc8 21.Nf3 d5 22.
e5 d4 23.Nxd4 Nd5 24.Nxd5 Bxd5 25.f5 Bc5 26.Qg4 Bxa2 27.f6 g6 28.Qg5 Bd5 
29.Rf4 Qa4 30.Rf1 Kh8 31.Ne2 Qc2 32.Nf4 Be3 33.h4 Bxf4 34.Rxf4 Qxd3 35.Kh2
Qe2 36.Rg4 a5 37.Rg3 Qh5 38.Qxh5 gxh5 39.Rg7 Rc7 40.Kg3 Be4 41.Kf4 Bg6 42.
Bd4 Rc2 43.g4 hxg4 44.Kg5 Rh2 45.Bxb6 g3 46.Kg4 Rxb2 47.h5 Rxb6 48.hxg6 g2
49.Rxh7+ Kg8 50.Rg7+ Kf8 51.Rxf7+ Ke8 52.Re7+ Kd8 53.g7 g1=Q+ 54.Kh5 Rb2 
0-1

[Event "12th EUR-ch"]
[Site "Aix-les-Bains FRA"]
[Date "2011.03.22"]
[Round "1.63"]
[White "Matlakov, Maxim"]
[Black "Renaze, Luc"]
[Result "1-0"]
[WhiteElo "2625"]
[BlackElo "2286"]
[EventDate "2011.03.22"]
[PlyCount "107"]

1.d4 d5 2.c4 e6 3.Nc3 Bb4 4.Nf3 Nf6 5.Qa4+ Nc6 6.e3 O-O 7.Bd2 Bxc3 8.Bxc3 
Ne4 9.Rc1 Re8 10.Bd3 Ng5 11.Be2 Nxf3+ 12.Bxf3 Ne7 13.O-O Bd7 14.Qc2 Bc6 
15.Be2 dxc4 16.Bxc4 Nd5 17.Bd2 Nf6 18.f3 Qd7 19.Rfd1 Bb5 20.Bb3 c6 21.Be1 
Nd5 22.Qd2 f5 23.Bg3 Qf7 24.Be5 Qg6 25.Re1 Qh6 26.a3 Rac8 27.Qf2 Rf8 28.
Rcd1 Rce8 29.e4 fxe4 30.Rxe4 Rf7 31.Bc2 Nf4 32.Qd2 g5 33.Bb3 Qg6 34.Bxf4 
gxf4 35.Rde1 Rf6 36.Rxf4 Rxf4 37.Qxf4 Bd3 38.Re5 h6 39.Qe3 Kf7 40.d5 cxd5 
41.Bxd5 b6 42.h4 Bf5 43.Qf4 Kg7 44.Be4 Bxe4 45.Rxe4 Qf6 46.Qc7+ Re7 47.Qd6
e5 48.Rg4+ Kf7 49.Qb8 Ke6 50.h5 Rg7 51.Qc8+ Kd6 52.Qb8+ Ke6 53.Qc8+ Kd6 
54.Qh8 1-0

[Event "12th EUR-ch"]
[Site "Aix-les-Bains FRA"]
[Date "2011.03.22"]
[Round "1.64"]
[White "Boruchovsky, Avital"]
[Black "Romanov, Evgeny"]
[Result "0-1"]
[WhiteElo "2285"]
[BlackElo "2624"]
[EventDate "2011.03.22"]
[PlyCount "58"]

1.e4 g6 2.d4 Bg7 3.Nc3 d6 4.Be3 a6 5.Qd2 b5 6.Bd3 Nd7 7.Nf3 Bb7 8.O-O-O c5
9.dxc5 Nxc5 10.Bxc5 dxc5 11.Qe2 Qa5 12.e5 b4 13.Ne4 Qxa2 14.Bc4 Bh6+ 15.
Nfg5 Qa1+ 16.Kd2 O-O-O+ 17.Nd6+ Rxd6+ 18.exd6 Bxg5+ 19.Ke1 Qxb2 20.Qg4+ 
Kb8 21.Qxg5 Qc3+ 22.Rd2 exd6 23.Qd8+ Ka7 24.Bxf7 Nh6 25.Qe7 Nxf7 26.Qxf7 
Qe5+ 27.Re2 Qa1+ 28.Kd2 Qxh1 29.Qf6 Rc8 0-1

[Event "12th EUR-ch"]
[Site "Aix-les-Bains FRA"]
[Date "2011.03.22"]
[Round "1.65"]
[White "L'Ami, Erwin"]
[Black "Lefebvre, Herve"]
[Result "1-0"]
[WhiteElo "2623"]
[BlackElo "2284"]
[EventDate "2011.03.22"]
[PlyCount "63"]

1.d4 d5 2.c4 c6 3.Nf3 Nf6 4.Nc3 e6 5.e3 Nbd7 6.Bd3 dxc4 7.Bxc4 b5 8.Bd3 
Bb7 9.O-O a6 10.e4 c5 11.d5 Qc7 12.dxe6 fxe6 13.Bc2 Bd6 14.Ng5 Nf8 15.f4 
h6 16.e5 O-O-O 17.Nf7 Qxf7 18.exd6 Qd7 19.Be3 Qc6 20.Qe2 Rxd6 21.a4 b4 22.
Nb1 b3 23.Bd1 Rd3 24.Rf2 Qe4 25.Bxc5 N8d7 26.Ba7 Qf5 27.Nc3 Bc6 28.Bxb3 
Rxc3 29.bxc3 Kb7 30.Bxe6 Qe4 31.Bd4 Re8 32.f5 1-0

[Event "12th EUR-ch"]
[Site "Aix-les-Bains FRA"]
[Date "2011.03.22"]
[Round "1.66"]
[White "Fantin, Ludwig"]
[Black "Lenic, Luka"]
[Result "0-1"]
[WhiteElo "2281"]
[BlackElo "2623"]
[EventDate "2011.03.22"]
[PlyCount "64"]

1.Nf3 Nf6 2.c4 e6 3.Nc3 d5 4.d4 c6 5.e3 Nbd7 6.Qc2 Bd6 7.b3 O-O 8.Bd3 e5 
9.cxd5 cxd5 10.dxe5 Nxe5 11.Nxe5 Bxe5 12.Bb2 Re8 13.O-O-O Bg4 14.f3 Rc8 
15.Kb1 Bd7 16.Qd2 Qb6 17.Rhe1 h5 18.g3 a5 19.Bc2 Qc5 20.Rc1 Qb4 21.Bd1 
Bf5+ 22.Ka1 Rc6 23.a3 Qe7 24.Ka2 Rec8 25.Nxd5 Nxd5 26.Rxc6 bxc6 27.e4 Bxb2
28.Kxb2 Qe5+ 29.Kc1 Bg6 30.Qxa5 Qa1+ 31.Kd2 Qd4+ 32.Ke2 Nc3+ 0-1

[Event "12th EUR-ch"]
[Site "Aix-les-Bains FRA"]
[Date "2011.03.22"]
[Round "1.67"]
[White "Volkov, Sergey"]
[Black "Cherednichenko, Svetlana"]
[Result "1-0"]
[WhiteElo "2621"]
[BlackElo "2278"]
[EventDate "2011.03.22"]
[PlyCount "167"]

1.d4 Nf6 2.c4 g6 3.Nc3 Bg7 4.e4 d6 5.Be2 O-O 6.Nf3 e5 7.Be3 Ng4 8.Bg5 f6 
9.Bh4 Nc6 10.d5 Ne7 11.Nd2 Nh6 12.f3 g5 13.Bf2 f5 14.h3 c5 15.g4 fxg4 16.
hxg4 Ng6 17.Qc2 Nf4 18.Bf1 Ng6 19.Rg1 Bd7 20.Nd1 Qa5 21.Qc3 Qxc3 22.Nxc3 
Nf4 23.Nd1 a6 24.Ne3 Rfb8 25.Nf5 Nf7 26.Rh1 h6 27.Be3 Kh7 28.Rh2 Bf6 29.a3
a5 30.Nb1 b5 31.Nc3 bxc4 32.Bxc4 a4 33.O-O-O Rb7 34.Kb1 Rab8 35.Ka2 Kg6 
36.Rdh1 Rh8 37.Bc1 Rb6 38.Ka1 Rb7 39.Be3 Rb6 40.Ba2 Rb7 41.Bb1 Rbb8 42.Bc2
Ra8 43.Bc1 Ra7 44.Ne3 Rb8 45.Nc4 Bg7 46.Be3 Bf8 47.Ka2 Ra6 48.Rb1 Ra7 49.
Bd2 Be7 50.Ne3 Bf8 51.Nf5 Rba8 52.Rd1 Ra6 53.Be3 R6a7 54.Ka1 Rb8 55.Bb1 
Rab7 56.Ba2 Rb6 57.Bc4 R6b7 58.Rb1 Rb6 59.Ka2 R6b7 60.b3 axb3+ 61.Rxb3 
Rxb3 62.Bxb3 Nd8 63.Bc4 Rb6 64.Bf1 Nb7 65.Nb1 Ba4 66.Rb2 Rxb2+ 67.Kxb2 h5 
68.gxh5+ Kxh5 69.Ng3+ Kh4 70.Nf5+ Kh5 71.Ba6 Nd8 72.Nc3 Bd7 73.a4 g4 74.
fxg4+ Kxg4 75.a5 Kf3 76.Bf1 Bc8 77.a6 Nf7 78.a7 Bb7 79.Bb5 Nd8 80.Kb3 Ba8 
81.Ka4 Nb7 82.Bc6 Nd3 83.Kb5 Be7 84.Nxe7 1-0

[Event "12th EUR-ch"]
[Site "Aix-les-Bains FRA"]
[Date "2011.03.22"]
[Round "1.68"]
[White "Doros, Radu-Marian"]
[Black "Beliavsky, Alexander"]
[Result "0-1"]
[WhiteElo "2278"]
[BlackElo "2619"]
[EventDate "2011.03.22"]
[PlyCount "68"]

1.e4 e5 2.Nf3 Nc6 3.Bc4 Nf6 4.Ng5 d5 5.exd5 Na5 6.Bb5+ c6 7.dxc6 bxc6 8.
Bd3 Nd5 9.Nf3 Nb4 10.O-O Nxd3 11.cxd3 f6 12.Nc3 Be7 13.Re1 c5 14.Ne4 O-O 
15.Qc2 Bg4 16.Re3 Nc6 17.Qc4+ Kh8 18.Neg5 Nd4 19.Nxd4 cxd4 20.Rg3 Qd7 21.
Nf7+ Rxf7 22.Qxf7 Rf8 23.Qb3 h5 24.h3 Be2 25.h4 Bg4 26.f3 f5 27.fxg4 hxg4 
28.Qd1 Qd6 29.b3 Bxh4 30.Rxg4 fxg4 31.Qxg4 Bf2+ 32.Kh2 Rf6 33.g3 Bxg3+ 34.
Kg2 Bf4 0-1

[Event "12th EUR-ch"]
[Site "Aix-les-Bains FRA"]
[Date "2011.03.22"]
[Round "1.69"]
[White "Macieja, Bartlomiej"]
[Black "Daurelle, Herve"]
[Result "1-0"]
[WhiteElo "2619"]
[BlackElo "2268"]
[EventDate "2011.03.22"]
[PlyCount "57"]

1.d4 Nf6 2.c4 e6 3.Nc3 c5 4.d5 exd5 5.cxd5 d6 6.e4 g6 7.f4 Bg7 8.Bb5+ Nbd7
9.e5 dxe5 10.fxe5 Nh5 11.e6 Qh4+ 12.g3 Nxg3 13.hxg3 Qxh1 14.Be3 Qg2 15.
exd7+ Bxd7 16.Bxd7+ Kxd7 17.Qg4+ Kd8 18.O-O-O Re8 19.Bg5+ f6 20.Bf4 b5 21.
Nxb5 f5 22.Qh4+ Re7 23.Bd2 Ke8 24.d6 Rb7 25.Nc7+ Rxc7 26.dxc7 Qb7 27.Re1+ 
Kf8 28.Qd8+ Kf7 29.Re7+ 1-0

[Event "12th EUR-ch"]
[Site "Aix-les-Bains FRA"]
[Date "2011.03.22"]
[Round "1.70"]
[White "Ravot, Sylvain"]
[Black "Ivanisevic, Ivan"]
[Result "0-1"]
[WhiteElo "2268"]
[BlackElo "2617"]
[EventDate "2011.03.22"]
[PlyCount "90"]

1.d4 Nf6 2.c4 c5 3.d5 b5 4.cxb5 a6 5.bxa6 g6 6.Nc3 Bxa6 7.g3 Bg7 8.Bg2 d6 
9.Nf3 Nbd7 10.Rb1 O-O 11.O-O Qa5 12.Re1 Ng4 13.Qc2 Nde5 14.Nd2 Qb4 15.h3 
Nxf2 16.Kxf2 Qd4+ 17.e3 Nd3+ 18.Qxd3 Qxd3 19.Be4 Bxc3 20.Bxd3 Bxd2 21.Bxd2
Bxd3 22.Ra1 Be4 23.a4 f6 24.a5 Rfb8 25.Bc3 Bxd5 26.e4 Bc4 27.Rad1 Kf7 28.
Rd2 Rb3 29.g4 Ra6 30.Red1 Be6 31.Ke3 Rxa5 32.Rf1 Ra4 33.Rdd1 Bc4 34.Rf3 
Ke6 35.Rf4 Bb5 36.h4 h6 37.g5 fxg5 38.hxg5 h5 39.Re1 Bc6 40.Kd3 Rb8 41.Kc2
Rba8 42.b3 Ra2+ 43.Bb2 Rb8 44.Kb1 Ra5 45.Re3 Rab5 0-1

[Event "12th EUR-ch"]
[Site "Aix-les-Bains FRA"]
[Date "2011.03.22"]
[Round "1.71"]
[White "Savchenko, Boris"]
[Black "Vedder, Richard"]
[Result "1-0"]
[WhiteElo "2616"]
[BlackElo "2267"]
[EventDate "2011.03.22"]
[PlyCount "99"]

1.c4 e6 2.Nc3 d5 3.d4 Nf6 4.cxd5 exd5 5.Bg5 Be7 6.e3 Nbd7 7.Bd3 Nf8 8.Qc2 
g6 9.Nf3 Ne6 10.Bh4 Ng7 11.O-O c6 12.b4 Bf5 13.b5 Bxd3 14.Qxd3 Nf5 15.Bg5 
O-O 16.bxc6 bxc6 17.Qa6 Qc8 18.Qa4 Ne4 19.Bxe7 Nxc3 20.Qc2 Nxe7 21.Qxc3 
Qe6 22.Rfc1 Rfc8 23.Rc2 Rc7 24.Rac1 Rac8 25.Qb4 Nf5 26.Qa4 f6 27.Nd2 g5 
28.Rc5 Kg7 29.Ra5 Qe7 30.Nb3 Kg6 31.Ra6 Qd7 32.Nc5 Qe7 33.Qc2 h5 34.h3 h4 
35.Qd3 Rb8 36.Ra5 Rb2 37.Rb1 Rxb1+ 38.Qxb1 Qe8 39.Ra3 Re7 40.Rb3 Qd8 41.
Kf1 Qd6 42.Kg1 Qd8 43.a4 Qa5 44.Rb8 Qc7 45.Ra8 Qb6 46.Qc2 Qb4 47.Kh2 Qe1 
48.Rc8 a5 49.Rxc6 Rxe3 50.Nd7 1-0

[Event "12th EUR-ch"]
[Site "Aix-les-Bains FRA"]
[Date "2011.03.22"]
[Round "1.73"]
[White "Ragger, Markus"]
[Black "Dubreuil, Julien"]
[Result "1-0"]
[WhiteElo "2614"]
[BlackElo "2265"]
[EventDate "2011.03.22"]
[PlyCount "61"]

1.Nf3 d5 2.c4 d4 3.e3 Nc6 4.exd4 Nxd4 5.Nxd4 Qxd4 6.Nc3 c6 7.d3 Nh6 8.Be2 
g6 9.h3 Nf5 10.g4 Nh4 11.Rg1 h5 12.Be3 Qe5 13.Qd2 hxg4 14.hxg4 Qh2 15.
O-O-O Ng2 16.Ne4 Nxe3 17.Qxe3 Bg7 18.Rg3 Be5 19.f4 Bg7 20.Nf2 c5 21.Rh1 
Qxh1+ 22.Nxh1 Rxh1+ 23.Kc2 Rh2 24.Qe4 Rb8 25.f5 b6 26.Re3 Rb7 27.fxg6 Rd7 
28.Qf4 Rxe2+ 29.Rxe2 fxg6 30.Qe4 g5 31.Qh7 1-0

[Event "12th EUR-ch"]
[Site "Aix-les-Bains FRA"]
[Date "2011.03.22"]
[Round "1.74"]
[White "Dolzhykova, Kateryna"]
[Black "Popov, Ivan"]
[Result "0-1"]
[WhiteElo "2265"]
[BlackElo "2613"]
[EventDate "2011.03.22"]
[PlyCount "70"]

1.e4 e5 2.Nf3 Nc6 3.Bb5 a6 4.Bxc6 dxc6 5.O-O Ne7 6.Nxe5 Qd4 7.Qh5 g6 8.Qg5
Bg7 9.Nd3 f5 10.e5 c5 11.b3 h6 12.Qe3 b6 13.Bb2 Qd5 14.Nc3 Qc6 15.f4 Bb7 
16.Qf3 Qxf3 17.gxf3 Kf7 18.Kf2 Rad8 19.Rae1 Ke6 20.h4 Bf8 21.a4 Nc6 22.Rg1
Rg8 23.Ne2 b5 24.axb5 axb5 25.Ba3 b4 26.Bb2 Be7 27.Rh1 Ba6 28.Nec1 c4 29.
bxc4 Bxc4 30.Ke3 Na5 31.Ne2 Bxd3 32.cxd3 Bc5+ 33.Bd4 Rxd4 34.Nxd4+ Kd5 35.
h5 Nb3 0-1

[Event "12th EUR-ch"]
[Site "Aix-les-Bains FRA"]
[Date "2011.03.22"]
[Round "1.75"]
[White "Stevic, Hrvoje"]
[Black "Ermeni, Avni"]
[Result "1-0"]
[WhiteElo "2611"]
[BlackElo "2264"]
[EventDate "2011.03.22"]
[PlyCount "85"]

1.e4 e5 2.Nc3 Nf6 3.g3 Bc5 4.Bg2 O-O 5.Nge2 Nc6 6.O-O a6 7.d3 h6 8.h3 b5 
9.Kh2 d6 10.f4 Rb8 11.a3 a5 12.Bd2 b4 13.axb4 axb4 14.Na4 Ba7 15.b3 Bd7 
16.Nb2 Bc5 17.fxe5 dxe5 18.Nc4 Re8 19.Ra6 Re6 20.Ng1 Qc8 21.Ra2 Nd4 22.Nf3
Nxf3+ 23.Qxf3 Qe8 24.Be3 Bf8 25.Ra7 Rc8 26.Rfa1 Bb5 27.h4 h5 28.Bh3 Ng4+ 
29.Bxg4 hxg4 30.Qxg4 Bd7 31.Qh5 Bd6 32.R1a5 Rg6 33.Nxe5 Qe6 34.Qf5 Bxe5 
35.Rxe5 Qd6 36.Bc5 Bxf5 37.Bxd6 cxd6 38.Rxf5 Rxc2+ 39.Kh3 Rc3 40.h5 Rf6 
41.Rb5 Rxb3 42.Rb8+ Kh7 43.Raa8 1-0

[Event "12th EUR-ch"]
[Site "Aix-les-Bains FRA"]
[Date "2011.03.22"]
[Round "1.76"]
[White "Codenotti, Marco"]
[Black "Sumets, Andrey"]
[Result "1/2-1/2"]
[WhiteElo "2262"]
[BlackElo "2610"]
[EventDate "2011.03.22"]
[PlyCount "37"]

1.e4 c6 2.d4 d5 3.Nc3 dxe4 4.Nxe4 Bf5 5.Ng3 Bg6 6.h4 h6 7.Nf3 Nd7 8.h5 Bh7
9.Bd3 Bxd3 10.Qxd3 e6 11.Bd2 Ngf6 12.O-O-O Be7 13.Ne4 Nxe4 14.Qxe4 Nf6 15.
Qd3 O-O 16.g4 Qd5 17.g5 Qxa2 18.c3 Ng4 19.Rdg1 1/2-1/2

[Event "12th EUR-ch"]
[Site "Aix-les-Bains FRA"]
[Date "2011.03.22"]
[Round "1.77"]
[White "Grigoryan, Avetik"]
[Black "Schnabel, Ralf"]
[Result "1-0"]
[WhiteElo "2608"]
[BlackElo "2262"]
[EventDate "2011.03.22"]
[PlyCount "77"]

1.c4 d6 2.Nc3 e5 3.d4 exd4 4.Qxd4 Nc6 5.Qd2 Be6 6.b3 f5 7.Nh3 Nf6 8.Bb2 g6
9.g3 Bg7 10.Bg2 Qd7 11.Nf4 Bg8 12.O-O O-O-O 13.Rfc1 Kb8 14.b4 Bxc4 15.b5 
Ne7 16.a4 g5 17.Nd3 Bxd3 18.Qxd3 Ne4 19.a5 d5 20.Na4 Bxb2 21.Nxb2 h5 22.b6
Rc8 23.bxa7+ Ka8 24.Na4 Qd6 25.Qd4 Rhd8 26.Rxc7 Qxc7 27.Nb6+ Kxa7 28.Nxc8+
Kb8 29.Nxe7 Qxe7 30.a6 Qf6 31.Qd1 Nc3 32.Qf1 Nxe2+ 33.Kh1 f4 34.axb7 f3 
35.Qb1 fxg2+ 36.Kxg2 Kc7 37.b8=Q+ Rxb8 38.Ra7+ Kc8 39.Qh7 1-0

[Event "12th EUR-ch"]
[Site "Aix-les-Bains FRA"]
[Date "2011.03.22"]
[Round "1.78"]
[White "Loiret, Stanislas"]
[Black "Zakhartsov, Viacheslav"]
[Result "0-1"]
[WhiteElo "2258"]
[BlackElo "2608"]
[EventDate "2011.03.22"]
[PlyCount "69"]

1.Nf3 Nf6 2.d4 e6 3.e3 c5 4.Bd3 b6 5.O-O Bb7 6.c4 Be7 7.Nc3 cxd4 8.exd4 d6
9.d5 e5 10.Nh4 g6 11.Bh6 Nbd7 12.Re1 a6 13.g3 Qc7 14.a4 Bf8 15.Qd2 Bxh6 
16.Qxh6 Qc5 17.h3 O-O-O 18.Nf3 Qb4 19.Bf1 Nc5 20.Qe3 h6 21.b3 a5 22.Reb1 
Na6 23.Na2 Qc5 24.Qd2 Ne4 25.Qe1 Nxg3 26.b4 axb4 27.Nxb4 Nxf1 28.Nd3 Qc7 
29.a5 Qd7 30.Rxb6 Qxh3 31.Rab1 Qg4+ 32.Kxf1 Qxf3 33.Qd2 Rd7 34.c5 dxc5 35.
Ne1 0-1

[Event "12th EUR-ch"]
[Site "Aix-les-Bains FRA"]
[Date "2011.03.22"]
[Round "1.79"]
[White "Hammer, Jon Ludvig"]
[Black "Nakar, Eylon"]
[Result "1-0"]
[WhiteElo "2606"]
[BlackElo "2256"]
[EventDate "2011.03.22"]
[PlyCount "155"]

1.d4 Nf6 2.c4 g6 3.g3 Bg7 4.Bg2 O-O 5.Nc3 d6 6.Nf3 Nc6 7.O-O a6 8.Qd3 Rb8 
9.d5 Nb4 10.Qd1 a5 11.e4 e5 12.Ne1 c6 13.a3 Na6 14.Nd3 b5 15.cxb5 cxb5 16.
b4 Bg4 17.Qb3 a4 18.Qb2 Nc7 19.Bg5 h6 20.Be3 Bd7 21.h3 Na8 22.Qd2 Qc8 23.
g4 Nb6 24.Nb2 h5 25.f3 Nh7 26.Kh2 h4 27.Rfc1 Qd8 28.Bf1 Na8 29.Bd3 Bf6 30.
Qe2 Bg5 31.Nbd1 Qf6 32.Kg2 Bxe3 33.Nxe3 Ng5 34.Qf2 Kg7 35.Rc2 Rh8 36.Rf1 
Rhc8 37.f4 exf4 38.Qxf4 Qxf4 39.Rxf4 f6 40.Rf1 Rc7 41.Rfc1 Nf7 42.Bf1 Ng5 
43.Bd3 Nf7 44.Nb1 Rcb7 45.Nd2 Ne5 46.Be2 Ra7 47.Rc3 Rbb7 48.Nc2 Rc7 49.Nd4
Rxc3 50.Rxc3 Nc7 51.Kf2 Rb7 52.Nf1 f5 53.gxf5 gxf5 54.Ne3 fxe4 55.Ndf5+ 
Bxf5 56.Nxf5+ Kf6 57.Nxd6 Nxd5 58.Rc5 Rd7 59.Rxd5 Ke6 60.Rd4 Rxd6 61.Rxd6+
Kxd6 62.Bxb5 Kd5 63.Ke3 Nf3 64.Bxa4 Kc4 65.Bd7 Kb3 66.b5 Ne5 67.Be6+ Kxa3 
68.b6 Kb4 69.b7 Nc6 70.Bd5 Nb8 71.Bxe4 Kc5 72.Kf4 Kd6 73.Kg5 Kc7 74.Kxh4 
Nd7 75.Kg5 Nc5 76.Bf3 Nxb7 77.Bxb7 Kd7 78.Kf6 1-0

[Event "12th EUR-ch"]
[Site "Aix-les-Bains FRA"]
[Date "2011.03.22"]
[Round "1.80"]
[White "Stockmann, Michael"]
[Black "Papaioannou, Ioannis"]
[Result "1/2-1/2"]
[WhiteElo "2255"]
[BlackElo "2605"]
[EventDate "2011.03.22"]
[PlyCount "113"]

1.d4 Nf6 2.Nf3 c5 3.c4 cxd4 4.Nxd4 e5 5.Nc2 d5 6.cxd5 Qxd5 7.Qxd5 Nxd5 8.
e4 Nb4 9.Nxb4 Bxb4+ 10.Bd2 Bxd2+ 11.Nxd2 Ke7 12.O-O-O Be6 13.Kb1 Rd8 14.
Be2 Nc6 15.Nf3 Bg4 16.Rxd8 Rxd8 17.Rd1 Rxd1+ 18.Bxd1 Kd6 19.Kc1 Bxf3 20.
Bxf3 Kc5 21.Kd2 Kd4 22.Be2 h6 23.Bd3 Nb4 24.Bb1 Na6 25.f3 f6 26.Bc2 Nc5 
27.Ke2 Ne6 28.g3 Nc5 29.Kd2 a5 30.Ke2 b6 31.Kd2 g5 32.h3 Nb7 33.Bd3 Nd6 
34.Ke2 b5 35.Kd2 b4 36.Ke2 Nb7 37.Kd2 Nc5 38.Bc2 Nd7 39.Bd3 Nb6 40.Bb5 Kc5
41.Be2 Kd4 42.Bb5 Nc8 43.Ba6 Ne7 44.Bd3 h5 45.g4 h4 46.b3 Ng6 47.Be2 Nf4 
48.Bf1 Kc5 49.Kc2 Ne6 50.Kd2 Kb6 51.Bc4 Nd4 52.Ke3 Kc5 53.Bf1 Nc2+ 54.Kd3 
Na3 55.Ke3 Kb6 56.Bd3 Kc5 57.Ke2 1/2-1/2

[Event "12th EUR-ch"]
[Site "Aix-les-Bains FRA"]
[Date "2011.03.22"]
[Round "1.81"]
[White "Chatalbashev, Boris"]
[Black "Hamiti, Gani"]
[Result "1-0"]
[WhiteElo "2602"]
[BlackElo "2254"]
[EventDate "2011.03.22"]
[PlyCount "39"]

1.c4 Nf6 2.Nf3 e6 3.d4 d5 4.Nc3 dxc4 5.e4 c5 6.d5 a6 7.a4 exd5 8.e5 d4 9.
Bxc4 Nc6 10.exf6 dxc3 11.Qe2+ Kd7 12.Bg5 gxf6 13.O-O-O+ Bd6 14.Rxd6+ Kxd6 
15.Bf4+ Ne5 16.Nxe5 fxe5 17.Rd1+ Kc6 18.Rxd8 cxb2+ 19.Kxb2 Rxd8 20.Qxe5 
1-0

[Event "12th EUR-ch"]
[Site "Aix-les-Bains FRA"]
[Date "2011.03.22"]
[Round "1.82"]
[White "Houriez, Clement"]
[Black "Balogh, Csaba"]
[Result "0-1"]
[WhiteElo "2252"]
[BlackElo "2601"]
[EventDate "2011.03.22"]
[PlyCount "90"]

1.d4 d5 2.c4 c6 3.Nf3 Nf6 4.e3 Bf5 5.Nc3 e6 6.Nh4 Be4 7.f3 Bg6 8.Qb3 Qc7 
9.Bd2 Be7 10.g3 Nbd7 11.Rc1 Nb6 12.c5 Nbd7 13.Nxg6 hxg6 14.Qc2 g5 15.Kf2 
e5 16.b4 g6 17.Kg2 Kf8 18.dxe5 Qxe5 19.Re1 a5 20.a3 axb4 21.axb4 Qe6 22.h3
Bd8 23.f4 Nh5 24.Bd3 Ndf6 25.Ref1 d4 26.exd4 gxf4 27.Bxf4 Nxf4+ 28.Rxf4 
Nd5 29.Rf3 Ne3+ 30.Rxe3 Qxe3 31.Rf1 Kg7 32.d5 Bf6 33.Rf3 Qd4 34.Ne4 Ra1 
35.Rf2 Be5 36.Ng5 Qe3 37.Rxf7+ Kg8 38.Qf2 Qxg5 39.dxc6 Rxh3 40.Rf8+ Kg7 
41.Qf7+ Kh6 42.Qxg6+ Qxg6 43.Bxg6 Rxg3+ 44.Kf2 Ra2+ 45.Kf1 Bd4 0-1

[Event "12th EUR-ch"]
[Site "Aix-les-Bains FRA"]
[Date "2011.03.22"]
[Round "1.83"]
[White "Kulaots, Kaido"]
[Black "Dietmayer-Kraeutler, Marco"]
[Result "1-0"]
[WhiteElo "2601"]
[BlackElo "2251"]
[EventDate "2011.03.22"]
[PlyCount "98"]

1.e4 e5 2.Nf3 Nc6 3.Bb5 a6 4.Ba4 Nf6 5.O-O Be7 6.Re1 b5 7.Bb3 d6 8.c3 O-O 
9.h3 Na5 10.Bc2 c5 11.d4 Qc7 12.Nbd2 Bb7 13.d5 Bc8 14.Nf1 Nc4 15.a4 Nb6 
16.b3 bxa4 17.bxa4 a5 18.Ne3 g6 19.c4 Nbd7 20.Kh2 Nb8 21.g4 Na6 22.Rg1 Nb4
23.Bb1 Kh8 24.Qe2 Rb8 25.Nd1 Ne8 26.Nc3 Bf6 27.Nb5 Qd7 28.Ra3 Bg7 29.Ne1 
Qe7 30.Rag3 Nf6 31.Bg5 h6 32.Bd2 g5 33.h4 Nh7 34.Rh3 f6 35.Ng2 Rf7 36.Ne3 
Kg8 37.Nf5 Bxf5 38.gxf5 Rb6 39.Qh5 Rf8 40.Kh1 Qf7 41.Qe2 Re8 42.Rhg3 Qd7 
43.Qh5 Qf7 44.Qd1 Qd7 45.R1g2 Re7 46.Rh3 Nf8 47.Qf3 Nh7 48.Kg1 Rb8 49.Rgh2
Rbe8 1-0